Państwo według podpowiedzi - Statystyki

Ogólne statystyki
  • Ten quiz został rozwiązany 33 razy
  • Średni wynik to 8 z 16
Statystyki odpowiedzi
Podpowiedź Państwo % Poprawnych
Ma cztery języki urzędowe: niemiecki, francuski, włoski i retoromański Szwajcaria
83%
Kraj pochodzenia papieża Franciszka Argentyna
80%
Drewniane lalki wkładane jedna w drugą pochodzą z tego państwa Rosja
80%
Ojczyzna cywilizacji Majów i Azteków Meksyk
73%
Mieszkańcy wynaleźli m.in. wycieraczki samochodowe Polska
73%
Słynie z wyrobu cygar, które uznawane są za jedne z najlepszych na świecie Kuba
70%
Posiada jedne z najbardziej unikalnych gatunków zwierząt, takich jak koala, wombat i dziobak Australia
63%
Narodowe linie lotnicze, należą do jednych z najlepszych i najbardziej luksusowych na świecie Katar
57%
Jezioro Titicaca, na granicy z Peru, jest najwyżej położonym żeglownym jeziorem na świecie Boliwia
47%
Kraj jest domem dla „Big Five”: lwa, słonia, nosorożca, lamparta i bawoła Południowa Afryka
47%
Rakija to tradycyjny alkohol tego państwa Serbia
47%
Nazwa pochodzi od nazwy jednego z najwiekszych jezior w Afryce Czad
23%
Kraj ten był kolonią hiszpańską przez ponad 300 lat, co wpłynęło na kulturę, religię (katolicyzm) i architekturę Filipiny
17%
Kultura tego kraju opiera się na poezji i ustnej tradycji literackiej, co czyni go "narodem poetów" Somalia
13%
Jest znane jako miejsce narodzin rumu Barbados
7%
Jest to jeden z najbardziej zaminowanych krajów na świecie Laos
7%
Nie znaleziono quizów pasujących do podanych kryteriów
Rozkład punktacji
Procent ludzi z każdym wynikiem
Percentyl według liczby udzielonych odpowiedzi
Twoja historia wyników
Nie rozwiązałeś tego quizu